00534 a2200157 4500010001400000020002200014035001300036037001500049082001200064100001800076245011200094260003800206270009000244300002600334700001600360 aENG-86747 c60.00a8179661830 aEN-70280 bDBAD / PUB14a153.122 aFogler, Janet1 aImproving your memory :cby Janet Fogler [and] Lynn Sternbhow to remember what you're starting to forget / aChennaibEmerald Publishersc2005 a15A, 1st Floor, Casa Major Road, Egmore,bChennaie600 008minfo@emeraldpublisers.com avii, 134pc22cm (pbk) aStern, Lynn